[Event "Oakham Young Masters"]
[Site "Oakham"]
[Date "1988.04.05"]
[Round "9.10"]
[White "Morris, Philip"]
[Black "Norwood, David Robert"]
[Result "0-1"]
[WhiteElo "2200"]
[BlackElo "2460"]
[EventDate "1988.03.28"]
[PlyCount "90"]
[Source "John Saunders"]

1.e4 g6 2.d4 Bg7 3.Nf3 d6 4.Bd3 Nf6 5.O-O O-O 6.h3 Nbd7 7.Re1 e5 8.c3 b6 
9.a4 a5 10.Nbd2 Bb7 11.Nf1 Re8 12.Ng3 Qe7 13.b3 h6 14.Ba3 Nh7 15.Qc2 Ng5 
16.Nxg5 Qxg5 17.Bc1 Qe7 18.Be3 exd4 19.cxd4 c5 20.dxc5 Bxa1 21.Rxa1 Nxc5 
22.Bxh6 Qf6 23.Re1 Nxd3 24.Qxd3 d5 25.Bd2 dxe4 26.Nxe4 Qf5 27.f3 Rad8 28.
Qe3 Bxe4 29.fxe4 Qd7 30.Bc3 Qd3 31.Bf6 Rd6 32.Qf4 Qd2 33.Qxd2 Rxd2 34.e5 
Rc8 35.Re4 Kf8 36.Rh4 Ke8 37.e6 fxe6 38.Rh8+ Kd7 39.Rh7+ Kd6 40.Rg7 Rd3 
41.Rxg6 Rxb3 42.h4 Rc5 43.Bg5 b5 44.h5 bxa4 45.h6 Rb7 0-1

[Event "Oakham Young Masters"]
[Site "Oakham"]
[Date "1988.04.05"]
[Round "9.11"]
[White "Sadler, Matthew"]
[Black "Stratil, Ladislav jr"]
[Result "1-0"]
[WhiteElo "2385"]
[BlackElo "2430"]
[EventDate "1988.03.28"]
[PlyCount "33"]
[Source "John Saunders"]

1.d4 Nf6 2.c4 e6 3.Nf3 c5 4.d5 exd5 5.cxd5 d6 6.Nc3 g6 7.Nd2 Na6 8.Nc4 Nc7
9.e4 b5 10.Na5 a6 11.Bg5 Bg7 12.Qf3 Bd7 13.e5 dxe5 14.Nb7 Qe7 15.d6 Qe6 
16.Bxf6 Bxf6 17.Nxc5 1-0

[Event "Oakham Young Masters"]
[Site "Oakham"]
[Date "1988.04.05"]
[Round "9.12"]
[White "Thorhallsson, Throestur"]
[Black "Agnos, Demetrios"]
[Result "1/2-1/2"]
[WhiteElo "2415"]
[BlackElo "2340"]
[EventDate "1988.03.28"]
[PlyCount "53"]
[Source "John Saunders"]

1.e4 c5 2.c3 d6 3.d4 Nf6 4.dxc5 Nc6 5.cxd6 Nxe4 6.Bd3 Nxd6 7.Nf3 e5 8.O-O 
Be7 9.Re1 Bg4 10.h3 Bh5 11.g4 e4 12.Bxe4 Nxe4 13.Qxd8+ Rxd8 14.gxh5 Nc5 
15.Be3 Nd3 16.Re2 O-O 17.h6 g6 18.Nbd2 Nxb2 19.Bxa7 Rd7 20.Be3 Na4 21.Rc1 
Rc8 22.Bf4 f5 23.Nc4 Rd3 24.Nce5 Nxe5 25.Nxe5 Rdxc3 26.Rb1 R3c7 27.Rd2 
1/2-1/2

[Event "Oakham Young Masters"]
[Site "Oakham"]
[Date "1988.04.05"]
[Round "9.13"]
[White "McDonald, Neil R."]
[Black "Horvath, Csaba"]
[Result "1/2-1/2"]
[WhiteElo "2375"]
[BlackElo "2445"]
[EventDate "1988.03.28"]
[PlyCount "32"]
[Source "John Saunders"]

1.Nf3 Nf6 2.g3 d5 3.Bg2 c6 4.d3 Bg4 5.h3 Bxf3 6.Bxf3 Nbd7 7.Nd2 e5 8.e4 
Bd6 9.c3 O-O 10.O-O Qc7 11.Qc2 a5 12.a4 Nc5 13.Re1 Rfd8 14.Nf1 Be7 15.Bg5 
Nxd3 16.Red1 dxe4 1/2-1/2

[Event "Oakham Young Masters"]
[Site "Oakham"]
[Date "1988.04.05"]
[Round "9.14"]
[White "Schulte, Oliver"]
[Black "Burgess, Mark"]
[Result "1-0"]
[WhiteElo "2440"]
[BlackElo "2250"]
[EventDate "1988.03.28"]
[PlyCount "103"]
[Source "John Saunders"]

1.d4 Nf6 2.c4 e6 3.Nf3 Bb4+ 4.Nbd2 b6 5.a3 Bxd2+ 6.Qxd2 Bb7 7.g3 d5 8.cxd5
Qxd5 9.Bg2 Nc6 10.O-O Na5 11.Qg5 O-O 12.Qxd5 Bxd5 13.Bf4 Nb3 14.Rad1 Rac8 
15.Ne5 Bxg2 16.Kxg2 c5 17.dxc5 Nxc5 18.b4 Nce4 19.Kf3 Rc3+ 20.Rd3 Rxd3+ 
21.Nxd3 g5 22.Be3 Rc8 23.Rc1 g4+ 24.Kf4 Nc3 25.Ke5 Nd7+ 26.Kd6 Nb8 27.Ne5 
h5 28.Bd2 Ne4+ 29.Ke7 Rxc1 30.Bxc1 Nxf2 31.b5 Ne4 32.Nc6 Nc3 33.Nxb8 Nxe2 
34.Be3 Nc3 35.Bc1 Nxb5 36.Nd7 Nc3 37.Nf6+ Kg7 38.Nxh5+ Kg6 39.Nf4+ Kf5 40.
Kxf7 e5 41.Ng2 Nd5 42.Nh4+ Ke4 43.Kg6 b5 44.Kg5 a5 45.Ng6 Kd3 46.Kxg4 Kc2 
47.Bh6 b4 48.axb4 a4 49.Bg7 a3 50.Nxe5 a2 51.Nf3 Nc3 52.Nd4+ 1-0

[Event "Oakham Young Masters"]
[Site "Oakham"]
[Date "1988.04.05"]
[Round "9.15"]
[White "Brenninkmeijer, Joris"]
[Black "Buckley, Graeme"]
[Result "1/2-1/2"]
[WhiteElo "2385"]
[BlackElo "2200"]
[EventDate "1988.03.28"]
[PlyCount "125"]
[Source "John Saunders"]

1.d4 Nf6 2.c4 g6 3.Nc3 Bg7 4.e4 d6 5.f3 O-O 6.Be3 Nc6 7.Nge2 a6 8.Qd2 Rb8 
9.h4 h5 10.Nd5 b5 11.cxb5 axb5 12.Rc1 Bd7 13.Nxf6+ Bxf6 14.g4 hxg4 15.fxg4
e5 16.d5 Nd4 17.Nxd4 exd4 18.Bxd4 Re8 19.Bg2 Bxg4 20.O-O Bxd4+ 21.Qxd4 Re5
22.Qc3 Rc8 23.Qg3 Bd7 24.Rf4 Qe7 25.Rcf1 Rf8 26.Qc3 Be8 27.b4 Rh5 28.Rc1 
Rxh4 29.Qf6 Qxf6 30.Rxf6 Kg7 31.Rf2 Bd7 32.Rxc7 Rd8 33.Rfc2 Kf6 34.Rb7 Ke5
35.Rf2 Be8 36.Re7+ Kd4 37.Rc2 g5 38.Rec7 f6 39.Rf2 Bg6 40.Re7 Bxe4 41.Rxf6
Rg4 42.Rxe4+ Rxe4 43.Bxe4 Kxe4 44.Kf2 Kxd5 45.Rf5+ Kc4 46.Rxg5 d5 47.a3 
Ra8 48.Rg3 Re8 49.Rg7 d4 50.Rg5 Rb8 51.Ke2 Kb3 52.Rd5 Kxa3 53.Rxd4 Kb3 54.
Kd2 Ra8 55.Rd3+ Kxb4 56.Kc2 Ra2+ 57.Kb1 Ra3 58.Rd4+ Ka5 59.Kb2 Rh3 60.Rg4 
b4 61.Rg8 Rh2+ 62.Kb3 Rh3+ 63.Kb2 1/2-1/2

[Event "Oakham Young Masters"]
[Site "Oakham"]
[Date "1988.04.05"]
[Round "9.16"]
[White "Matveeva, Svetlana"]
[Black "Gdanski, Jacek"]
[Result "0-1"]
[WhiteElo "2310"]
[BlackElo "2355"]
[EventDate "1988.03.28"]
[PlyCount "106"]
[Source "John Saunders"]

1.d4 Nf6 2.Nf3 c5 3.d5 g6 4.Nc3 Bg7 5.e4 O-O 6.a4 d6 7.Bc4 Bg4 8.h3 Bxf3 
9.Qxf3 Nfd7 10.Qd1 Na6 11.O-O Nc7 12.Nb5 a6 13.Nxc7 Qxc7 14.c3 f5 15.exf5 
Rxf5 16.Bd3 Rf7 17.Bg5 Raf8 18.Qd2 c4 19.Bc2 Qb6 20.Rab1 Kh8 21.Be3 Qa5 
22.Rfe1 Nb6 23.Red1 Kg8 24.h4 Nd7 25.h5 gxh5 26.Qe2 Nf6 27.Qxc4 Ng4 28.Qe2
Be5 29.Rd2 Qd8 30.g3 Rg7 31.Kh1 Qd7 32.f4 Bf6 33.Rg1 Kh8 34.Bb6 e5 35.f5 
Rfg8 36.Rg2 Qf7 37.Be4 h4 38.gxh4 Bxh4 39.Qf3 Bg5 40.Rxg4 Bxd2 41.Rh4 Qf6 
42.Qh3 h6 43.Bf2 Kh7 44.a5 Bg5 45.Rg4 Kh8 46.Qh5 Rc8 47.Bd3 Kg8 48.Rb4 Qf7
49.Qf3 Kh8 50.Rb6 Qf6 51.Qh5 Rcg8 52.Be4 Bf4 53.c4 Rg5 0-1

[Event "Oakham Young Masters"]
[Site "Oakham"]
[Date "1988.04.05"]
[Round "9.17"]
[White "Rossiter, Philip"]
[Black "Wians, Camille"]
[Result "1-0"]
[WhiteElo "2330"]
[BlackElo "2215"]
[EventDate "1988.03.28"]
[PlyCount "68"]
[Source "John Saunders"]

1.d4 Nf6 2.c4 e6 3.Nc3 c5 4.Nf3 cxd4 5.Nxd4 Bb4 6.g3 O-O 7.Bg2 d5 8.cxd5 
Nxd5 9.Bd2 Nxc3 10.bxc3 Be7 11.O-O a6 12.Rb1 Qc7 13.Qb3 Ra7 14.c4 Nd7 15.
Be3 Nc5 16.Qb6 Qxb6 17.Rxb6 e5 18.Nc6 bxc6 19.Rxc6 Bg4 20.Bxc5 Bxc5 21.
Rxc5 Re8 22.h3 Bh5 23.Rb1 h6 24.Rb2 f5 25.Bc6 Ree7 26.Bd5+ Kh7 27.f3 a5 
28.Rb8 Be8 29.h4 Ra6 30.Rcc8 Bh5 31.g4 fxg4 32.Rh8+ Kg6 33.Rbf8 e4 34.Bg8 
Rf6 1-0

[Event "Oakham Young Masters"]
[Site "Oakham"]
[Date "1988.04.05"]
[Round "9.18"]
[White "Flear, Glenn Curtis"]
[Black "Girinath, Puligadda"]
[Result "1-0"]
[WhiteElo "2460"]
[BlackElo "2200"]
[EventDate "1988.03.28"]
[PlyCount "97"]
[Source "John Saunders"]

1.d4 Nf6 2.c4 g6 3.Nc3 Bg7 4.e4 d6 5.Be2 O-O 6.Nf3 e5 7.O-O Nc6 8.d5 Ne7 
9.Nd2 c5 10.Rb1 Ne8 11.b4 b6 12.bxc5 bxc5 13.Nb3 f5 14.Bg5 Bf6 15.Bd2 f4 
16.Bg4 g5 17.Nb5 Ng6 18.Na5 Qe7 19.Nc6 Qf7 20.Bxc8 Rxc8 21.Nbxa7 Ra8 22.
Nb5 Qd7 23.Nc3 g4 24.f3 Rf7 25.fxg4 Rg7 26.Rb8 Rxb8 27.Nxb8 Qc8 28.Nc6 Nh4
29.Be1 Rxg4 30.Bxh4 Bxh4 31.Qf3 h5 32.Rb1 Qa6 33.h3 Rg5 34.Ne7+ Kh7 35.Nf5
Ng7 36.Nxg7 Kxg7 37.Qe2 Kh6 38.Rb8 Qa3 39.Qb2 Qxb2 40.Rxb2 Rg3 41.Nb5 Re3 
42.Rb1 Be7 43.a4 Rxe4 44.a5 Rxc4 45.Ra1 Bd8 46.Nxd6 Rb4 47.Nf7+ Kg7 48.
Nxd8 c4 49.Nc6 1-0

[Event "Oakham Young Masters"]
[Site "Oakham"]
[Date "1988.04.05"]
[Round "9.19"]
[White "Tozer, Richard"]
[Black "Ward, Christopher"]
[Result "1/2-1/2"]
[WhiteElo "2255"]
[BlackElo "2310"]
[EventDate "1988.03.28"]
[PlyCount "96"]
[Source "John Saunders"]

1.d4 Nf6 2.c4 e6 3.g3 c5 4.Nf3 cxd4 5.Nxd4 Qa5+ 6.Nc3 Ne4 7.Bd2 Nxd2 8.
Qxd2 a6 9.Bg2 Be7 10.O-O O-O 11.Rfd1 Qc7 12.Rac1 d6 13.Qe3 Re8 14.b4 Bd7 
15.c5 d5 16.a3 Bf6 17.f4 Nc6 18.Nxc6 bxc6 19.Qf2 e5 20.e4 d4 21.Na4 Rad8 
22.Nb2 Be6 23.Bf1 exf4 24.Qxf4 Qe7 25.Qf3 Bg5 26.Ra1 Be3+ 27.Kh1 Bb3 28.
Bxa6 Bxd1 29.Rxd1 Ra8 30.Bc4 Rxa3 31.Rf1 Ra7 32.Bd3 Rea8 33.Nc4 Ra1 34.Nd6
Rxf1+ 35.Qxf1 Ra2 36.Bc4 Rf2 37.Qa1 g6 38.Qa8+ Kg7 39.Qxc6 d3 40.Qd5 Qa7 
41.Qe5+ Kh6 42.Nf5+ gxf5 43.Qf6+ Kh5 44.h3 Rf1+ 45.Kh2 Rf2+ 46.Kh1 Rf1+ 
47.Kg2 Rf2+ 48.Kh1 Rf1+ 1/2-1/2

[Event "Oakham Young Masters"]
[Site "Oakham"]
[Date "1988.04.05"]
[Round "9.20"]
[White "Quillan, Gary"]
[Black "Dunnington, Angus"]
[Result "0-1"]
[WhiteElo "2275"]
[BlackElo "2330"]
[EventDate "1988.03.28"]
[PlyCount "82"]
[Source "John Saunders"]

1.g3 e5 2.Bg2 d6 3.c4 Nf6 4.Nc3 Be7 5.e4 O-O 6.Nge2 c6 7.O-O Nbd7 8.d3 a6 
9.h3 b5 10.Qc2 b4 11.Nd1 Nc5 12.Ne3 Re8 13.f4 Bf8 14.g4 exf4 15.Nxf4 a5 
16.b3 a4 17.Bb2 a3 18.Bd4 Nfd7 19.Rad1 Ne6 20.Ba1 Be7 21.Nh5 g6 22.Qf2 Rf8
23.Ng3 c5 24.e5 Ra6 25.exd6 Bxd6 26.Ne4 Be5 27.Bxe5 Nxe5 28.Nf6+ Kg7 29.
Qg3 Nd7 30.Ned5 Nd4 31.Rde1 Nxf6 32.Nc7 Qd6 33.Qxd6 Rxd6 34.g5 Bd7 35.
gxf6+ Rxf6 36.Rxf6 Kxf6 37.Na6 Ne6 38.Bd5 Bc8 39.Nb8 Nf4 40.Rf1 g5 41.h4 
Bh3 0-1

[Event "Oakham Young Masters"]
[Site "Oakham"]
[Date "1988.04.05"]
[Round "9.21"]
[White "Madl, Ildiko"]
[Black "Stefansson, Hannes Hlifar"]
[Result "0-1"]
[WhiteElo "2380"]
[BlackElo "2395"]
[EventDate "1988.03.28"]
[PlyCount "62"]
[Source "John Saunders"]

1.e4 d5 2.exd5 Nf6 3.d4 Nxd5 4.Be2 g6 5.Nf3 Bg7 6.O-O O-O 7.Re1 Na6 8.c3 
c5 9.Bxa6 bxa6 10.dxc5 Bb7 11.c4 Nb4 12.Nc3 Nd3 13.Re3 Nxc1 14.Rxc1 Qc7 
15.Nd5 Bxd5 16.cxd5 Bh6 17.d6 exd6 18.cxd6 Qd8 19.Rc7 Bxe3 20.fxe3 Rb8 21.
e4 Rxb2 22.Qd5 Qb8 23.e5 Qb6+ 24.Qd4 Rxa2 25.Qxb6 axb6 26.Nd4 Rd2 27.Nc6 
f6 28.Ne7+ Kh8 29.exf6 Rxd6 30.f7 Kg7 31.Nc8 Rd1+ 0-1

[Event "Oakham Young Masters"]
[Site "Oakham"]
[Date "1988.04.05"]
[Round "9.22"]
[White "Hennigan, Michael"]
[Black "Canfell, Gregory"]
[Result "1/2-1/2"]
[WhiteElo "2300"]
[BlackElo "2200"]
[EventDate "1988.03.28"]
[PlyCount "87"]
[Source "John Saunders"]

1.e4 c5 2.Nf3 e6 3.d4 cxd4 4.Nxd4 Nf6 5.Nc3 d6 6.Be2 Be7 7.f4 Nc6 8.Be3 
O-O 9.O-O e5 10.Nb3 exf4 11.Bxf4 Be6 12.Kh1 d5 13.e5 Nd7 14.Nxd5 Ndxe5 15.
Nxe7+ Qxe7 16.Qe1 Bd5 17.Qf2 Rad8 18.Rae1 f6 19.Be3 b6 20.Nd4 Nxd4 21.Bxd4
Qb7 22.Bc3 Qc6 23.a3 a5 24.Rd1 Nc4 25.Bd3 Rde8 26.Rfe1 Nxa3 27.Bd4 Nc4 28.
Bxc4 Bxc4 29.Bxb6 Rxe1+ 30.Rxe1 Rb8 31.Bd4 Rd8 32.Bb6 Rd5 33.Be3 a4 34.Kg1
Rb5 35.Bd4 Rg5 36.Be3 Rb5 37.Bd4 Qd7 38.Qe3 Rd5 39.Bc3 Kf7 40.Qe4 Bb5 41.
Bxf6 gxf6 42.Qxh7+ Kf8 43.Qh8+ Kf7 44.Qh7+ 1/2-1/2

[Event "Oakham Young Masters"]
[Site "Oakham"]
[Date "1988.04.05"]
[Round "9.23"]
[White "Badulescu, Cristina"]
[Black "Trabert, Bettina"]
[Result "1-0"]
[WhiteElo "2255"]
[BlackElo "2230"]
[EventDate "1988.03.28"]
[PlyCount "155"]
[Source "John Saunders"]

1.e4 e5 2.Nf3 Nc6 3.Bb5 a6 4.Ba4 d6 5.c3 f5 6.d3 Nf6 7.exf5 Bxf5 8.O-O Be7
9.Re1 Qc8 10.Qe2 O-O 11.Nbd2 Kh8 12.Nf1 Bg4 13.h3 Bd7 14.Ng3 Nd5 15.Bc2 
Nf4 16.Bxf4 Rxf4 17.d4 Qf8 18.dxe5 Bxh3 19.exd6 cxd6 20.Be4 Bd7 21.Bxc6 
Bxc6 22.Nd4 Rf7 23.Nxc6 bxc6 24.Rad1 d5 25.Rd3 Bc5 26.Rf3 Rxf3 27.Qxf3 
Qxf3 28.gxf3 Kg8 29.Nf5 Kf7 30.Kf1 a5 31.b3 g6 32.Nd4 Rc8 33.Kg2 Be7 34.
Ne2 Bf6 35.Rh1 h5 36.f4 h4 37.Kf3 Re8 38.Nd4 c5 39.Nb5 Rb8 40.a4 Rd8 41.
Kg4 d4 42.Rd1 dxc3 43.Nxc3 Rd4 44.Rc1 Be7 45.f3 Rd3 46.Ne4 Rxb3 47.Nxc5 
Rb4 48.Nd3 Rxa4 49.Ne5+ Kf6 50.Rc6+ Kg7 51.Nxg6 Bf6 52.Kf5 Bb2 53.Nxh4 Rb4
54.Ng6 Rb5+ 55.Ne5 a4 56.Ra6 a3 57.Ke6 Rb7 58.f5 Bxe5 59.Kxe5 Re7+ 60.Kf4 
Kf7 61.Rxa3 Rd7 62.Kg5 Rd6 63.Ra7+ Kf8 64.Rh7 Ra6 65.Rh6 Ra1 66.Rb6 Kf7 
67.Rb7+ Kg8 68.Kg6 Rg1+ 69.Kf6 Rf1 70.Rb8+ Kh7 71.Kf7 Rxf3 72.f6 Ra3 73.
Kf8 Ra7 74.f7 Kg6 75.Rb6+ Kh7 76.Rf6 Ra8+ 77.Ke7 Ra7+ 78.Ke6 1-0

[Event "Oakham Young Masters"]
[Site "Oakham"]
[Date "1988.04.05"]
[Round "9.24"]
[White "Bellini, Fabio"]
[Black "Flear, Christine"]
[Result "1-0"]
[WhiteElo "2300"]
[BlackElo "2185"]
[EventDate "1988.03.28"]
[PlyCount "80"]
[Source "John Saunders"]

1.e4 e5 2.Nf3 Nc6 3.d4 exd4 4.Bc4 Nf6 5.O-O Bc5 6.e5 d5 7.exf6 dxc4 8.Re1+
Be6 9.Ng5 Qd5 10.Nc3 Qf5 11.Nce4 O-O-O 12.g4 Qe5 13.Nxe6 fxe6 14.fxg7 Rhg8
15.Bh6 Be7 16.Ng5 Qd5 17.Ne4 Ne5 18.f4 Ng6 19.Qd2 d3 20.cxd3 cxd3 21.Rad1 
Nh4 22.Qf2 c5 23.Bg5 Bxg5 24.Nxg5 Qd4 25.Qxd4 Rxd4 26.Nxe6 Nf3+ 27.Kf2 
Nxe1 28.Nxd4 cxd4 29.Kxe1 Rxg7 30.h3 Re7+ 31.Kd2 Re3 32.Rc1+ Kd7 33.Rc4 
Rxh3 34.Rxd4+ Ke7 35.Rxd3 Rh2+ 36.Kc3 Rg2 37.Rh3 Rxg4 38.Rxh7+ Kd6 39.Rxb7
a5 40.Ra7 a4 1-0

[Event "Oakham Young Masters"]
[Site "Oakham"]
[Date "1988.04.05"]
[Round "9.25"]
[White "Patrat, Alexandre"]
[Black "Hepworth, Mandy"]
[Result "0-1"]
[WhiteElo "2210"]
[BlackElo "2125"]
[EventDate "1988.03.28"]
[PlyCount "72"]
[Source "John Saunders"]

1.e4 c5 2.Nf3 d6 3.d4 cxd4 4.Nxd4 Nf6 5.Nc3 a6 6.Be2 e5 7.Nb3 Be7 8.Be3 
O-O 9.g4 Be6 10.g5 Nfd7 11.h4 Nb6 12.Nd5 Nxd5 13.exd5 Bf5 14.Qd2 Nd7 15.c4
Re8 16.f3 Rc8 17.Rc1 b6 18.Kf2 Nc5 19.Na1 a5 20.Nc2 f6 21.Bxc5 bxc5 22.Ne3
Bd7 23.Bd3 fxg5 24.hxg5 Bxg5 25.Bxh7+ Kf7 26.Rcg1 Qf6 27.Rh5 Rh8 28.Qd3 
Bxe3+ 29.Qxe3 Ke7 30.Qg5 Qxg5 31.Rgxg5 Kf7 32.Bf5 Rxh5 33.Rxh5 Bxf5 34.
Rxf5+ Kg6 35.Rxe5 dxe5 36.Ke3 Kf5 0-1

[Event "Oakham Young Masters"]
[Site "Oakham"]
[Date "1988.04.05"]
[Round "9.26"]
[White "Buecker, Karsten"]
[Black "Szmigielska, Anna"]
[Result "0-1"]
[WhiteElo "2200"]
[BlackElo "2110"]
[EventDate "1988.03.28"]
[PlyCount "70"]
[Source "John Saunders"]

1.e4 e5 2.d4 exd4 3.Nf3 Nc6 4.Bc4 Bc5 5.O-O Nf6 6.e5 d5 7.exf6 dxc4 8.Re1+
Be6 9.Ng5 Qd5 10.Nc3 Qf5 11.Nce4 O-O-O 12.g4 Qe5 13.f4 d3+ 14.Kg2 Qd5 15.
f5 gxf6 16.Nf3 Bd7 17.Nxf6 Qd6 18.Bg5 Rhg8 19.h3 Nd4 20.Ne4 Qd5 21.Bxd8 
Bc6 22.cxd3 cxd3 23.Be7 Bxe7 24.Qxd3 Nxf3 25.Qxf3 h5 26.b3 hxg4 27.hxg4 
Qd4 28.Rad1 Qg7 29.f6 Bxf6 30.Kf2 Bh4+ 31.Kf1 Bxe1 32.Qf5+ Kb8 33.Nc5 a6 
34.Rxe1 Qxg4 35.Qxf7 Qg2# 0-1